000 00483cam a22001695a 4500
001 L156345
008 120514m16621672xxk f 000 0 eng d
035 _a(Sirsi) u156345
041 0 _aeng
100 1 _aBlaeu, Joan
_d1596-1673
245 0 0 _aAtlas maior, sive Cosmographia Blavania, qva solvm, salvm, coelvm, accvratissime describvntvr
260 _a[Amstelaedami
_bI. Blaev
_c1662-72]
300 _a11 v.
651 4 _aInternational
690 _aGeomatics
_96242
942 _n0
999 _c114195
_d114195